| LEADER |
01154nam0a2200205 450 |
| 001 |
16832190 |
| 010 |
|
|
|a 978-2-330-11829-7
|d 23
|
| 100 |
|
|
|a 20190308d2019 u u0frey01 ba
|
| 101 |
1 |
|
|a fre
|c spa
|
| 102 |
|
|
|a FR
|
| 200 |
0 |
|
|a fiancée gitane (La)
|f Carmen Mola
|g trad. Anne Proenza
|
| 207 |
|
1 |
|a
|
| 210 |
|
|
|a Arles
|b 43-47 Rue du docteur Fanton. - Passage du Méjan
|c Actes Sud
|d 2019
|
| 225 |
1 |
|
|a Actes noirs
|
| 330 |
|
|
|a Une jeune gitane disparaît après l'enterrement de sa vie de jeune fille. On retrouve le cadavre deux jours plus tard. Elle a été torturée selon un procédé aussi macabre qu'insolite. Sa soeur Lara a connu le même sort quelques années plus tôt mais son assassin est sous les verrous. Si ce dernier n'a pas fait d'émules, la police a arrêté un innocent. L'enquête est confiée à l'inspectrice Blanco, née sous la plume d'un auteur mystérieux qualifié par "El País "d'Elena Ferrante espagnole.
|
| 700 |
|
0 |
|a Mola
|b Carmen
|4 70
|
| 702 |
|
0 |
|a Proenza
|b Anne
|4 730
|
| 900 |
|
|
|a Roman Policier
|
| 901 |
|
|
|a Accessible au prêt
|
| 995 |
|
|
|a Bibliothèque
|c Bibliothèque
|f 024019742
|h 024019742
|k RP MOL
|o p
|q a
|r az
|e Bibliothèque
|